| 000 | 00389nam a2200145Ia 4500 | ||
|---|---|---|---|
| 008 | 210210b1964 xxu||||| |||| 00| 0 eng d | ||
| 082 | _a170 RANV | ||
| 100 | _aRAND (Ayn). | ||
| 245 | _aVirtue of selfishness: New concept of egoism. | ||
| 260 |
_aNY _bNew American Library _c1964 |
||
| 300 | _a151 | ||
| 650 | _aEthics Virtue of selfishness Egois | ||
| 690 | _aEthic | ||
| 906 | _aSG0250 | ||
| 999 |
_c113411 _d113411 |
||